<?xml version="1.0" encoding="UTF-8"?>
<record
    xmlns:xsi="http://www.w3.org/2001/XMLSchema-instance"
    xsi:schemaLocation="http://www.loc.gov/MARC21/slim http://www.loc.gov/standards/marcxml/schema/MARC21slim.xsd"
    xmlns="http://www.loc.gov/MARC21/slim">

  <leader>00647nam a22002417a 4500</leader>
  <controlfield tag="003">UA-OsUOA</controlfield>
  <controlfield tag="001"> 28519 </controlfield>
  <controlfield tag="007">ta</controlfield>
  <controlfield tag="008">20050404b un ||||| |||| 00| 0 ukr d</controlfield>
  <datafield tag="090" ind1=" " ind2=" ">
    <subfield code="a">94(477).152</subfield>
    <subfield code="b">&#x417;28</subfield>
  </datafield>
  <datafield tag="942" ind1=" " ind2=" ">
    <subfield code="c">BK</subfield>
  </datafield>
  <datafield tag="040" ind1=" " ind2=" ">
    <subfield code="a">UA-OsUOA</subfield>
    <subfield code="b">ukr</subfield>
    <subfield code="c">UA-OsUOA</subfield>
    <subfield code="d">UA-OsUOA</subfield>
  </datafield>
  <datafield tag="245" ind1=" " ind2=" ">
    <subfield code="a">&#x417;&#x430;&#x440;&#x430;&#x434;&#x438; &#x43F;&#x440;&#x430;&#x432;&#x434;&#x438; &#x432;&#x430;&#x440;&#x442;&#x43E; &#x436;&#x438;&#x442;&#x438; (&#x424;&#x443;&#x43D;&#x434;&#x430;&#x446;&#x456;&#x44F; &#x443;&#x43A;&#x440;&#x430;&#x457;&#x43D;&#x43E;&#x437;&#x43D;&#x430;&#x432;&#x447;&#x438;&#x445; &#x441;&#x442;&#x443;&#x434;&#x456;&#x439; &#x432; &#x410;&#x432;&#x441;&#x442;&#x440;&#x430;&#x43B;&#x456;&#x457;)</subfield>
    <subfield code="c">&#x423;&#x43F;&#x43E;&#x440;&#x44F;&#x434;. &#x41C;.&#x413;&#x43E;&#x44F;&#x43D;</subfield>
  </datafield>
  <datafield tag="300" ind1=" " ind2=" ">
    <subfield code="a">264 &#x441;.</subfield>
  </datafield>
  <datafield tag="955" ind1=" " ind2=" ">
    <subfield code="a">0</subfield>
  </datafield>
  <datafield tag="041" ind1=" " ind2=" ">
    <subfield code="a">ukr</subfield>
  </datafield>
  <datafield tag="080" ind1=" " ind2=" ">
    <subfield code="a">94(477).152</subfield>
  </datafield>
  <datafield tag="020" ind1=" " ind2=" ">
    <subfield code="a">966-581-271-8</subfield>
  </datafield>
  <datafield tag="260" ind1=" " ind2=" ">
    <subfield code="a">&#x41A;.</subfield>
    <subfield code="c">2001</subfield>
  </datafield>
  <datafield tag="044" ind1=" " ind2=" ">
    <subfield code="a">UA</subfield>
  </datafield>
  <datafield tag="650" ind1=" " ind2="7">
    <subfield code="2">UDC</subfield>
  </datafield>
  <datafield tag="999" ind1=" " ind2=" ">
    <subfield code="c">314888</subfield>
    <subfield code="d">314888</subfield>
  </datafield>
  <datafield tag="952" ind1=" " ind2=" ">
    <subfield code="0">0</subfield>
    <subfield code="1">0</subfield>
    <subfield code="2">udc</subfield>
    <subfield code="4">0</subfield>
    <subfield code="7">0</subfield>
    <subfield code="a">101</subfield>
    <subfield code="b">101</subfield>
    <subfield code="d">2007-03-06</subfield>
    <subfield code="e">44/2007</subfield>
    <subfield code="g">3.00</subfield>
    <subfield code="i">103793</subfield>
    <subfield code="l">0</subfield>
    <subfield code="o">94(477).152 &#x417;28</subfield>
    <subfield code="p">103793</subfield>
    <subfield code="r">2022-01-27 00:00:00</subfield>
    <subfield code="w">2005-04-04</subfield>
    <subfield code="y">BK</subfield>
  </datafield>
  <datafield tag="952" ind1=" " ind2=" ">
    <subfield code="0">0</subfield>
    <subfield code="1">0</subfield>
    <subfield code="2">udc</subfield>
    <subfield code="4">0</subfield>
    <subfield code="7">0</subfield>
    <subfield code="a">101</subfield>
    <subfield code="b">101</subfield>
    <subfield code="d">2007-05-03</subfield>
    <subfield code="e">88/2007</subfield>
    <subfield code="g">6.00</subfield>
    <subfield code="i">104505</subfield>
    <subfield code="l">0</subfield>
    <subfield code="o">94(477).152 &#x417;28</subfield>
    <subfield code="p">104505</subfield>
    <subfield code="r">2022-01-27 00:00:00</subfield>
    <subfield code="w">2005-04-04</subfield>
    <subfield code="y">BK</subfield>
  </datafield>
  <datafield tag="952" ind1=" " ind2=" ">
    <subfield code="0">0</subfield>
    <subfield code="1">0</subfield>
    <subfield code="2">udc</subfield>
    <subfield code="4">0</subfield>
    <subfield code="7">0</subfield>
    <subfield code="a">102</subfield>
    <subfield code="b">102</subfield>
    <subfield code="d">2005-04-04</subfield>
    <subfield code="i">84445</subfield>
    <subfield code="l">0</subfield>
    <subfield code="o">94(477).152 &#x417;28</subfield>
    <subfield code="p">84445</subfield>
    <subfield code="r">2019-07-13 00:00:00</subfield>
    <subfield code="w">2005-04-04</subfield>
    <subfield code="y">BK</subfield>
  </datafield>
</record>
